Statistics for Super Mario Odyssey Capture List

Click here to take the quiz!

General Stats

  • This quiz has been taken 697 times
    (606 since last reset)
  • The average score is 26 of 44

Answer Stats

DescriptionCaptures% Correct
Jump up super high with this ribbiting amphibian.Frog
96%
A ball and chain that barks like a dog that can lunge at you.Chain Chomp
86%
This classic mushroom is one of the most common enemies in Mario games.Goomba
84%
The classic bullet that has made gamers rage since 1985Bullet Bill
78%
Mario games' classic mushroom enemy is now with wings?!Paragoomba
78%
The first capture introduced in the Mario Odyssey trailer. A huge creature that can only be captured for a certain amount of time before Cappy loses his grip.T-Rex
74%
The lovable red fish from Mario games.Cheep Cheep
72%
A classic chomping plant that is found in many Mario games. This particular version of the plant shoots poison.Poison Piranha Plant
71%
A prickly plant that is common in dry climates such as deserts.Cactus
70%
The Snow Kingdom version of the lovable red fish found throughout Mario games.Cheep Cheep (SK)
69%
He fishes on a cloud and is the lap informer on Mario Kart.Lakitu
69%
Mario's rival and enemy throughout all Mario games. Has a spiky shell and kidnaps the princess.Bowser
68%
A plant that is the source of oxygen in our world. Used to make paper.Tree
67%
Something you use to zip up a jacket or coat.Zipper
67%
A red helmeted turtle that shoots fire balls and can do backflips.Fire Bro
65%
A green helmeted turtle that throws hammers and can do backflips.Hammer Bro
64%
3...2...1... BLAST OFF!Mini Rocket
64%
You call on this yellow car in a city to get somewhere. These are everywhere in the Metro Kingdom.Taxi
63%
Everybody's favorite green dinosaur in Mario games that eats fruit with his long tongue and can flutter jump.Yoshi
63%
The larger version of the above ball and chain.Big Chain Chomp
58%
What are the things in the alphabet called?Letter
57%
A lizard-like creature that can glide around (as the name suggests).Glydon
56%
A food that is a good source of protein. You can get this from almost any animal.Meat
55%
Kitchen cutlery used to vault up walls to reach higher places in the Luncheon Kingdom.Volbonan
55%
A tank that is found in multiple kingdoms that has a shortened version of a name for Sherman.Sherm
54%
This huge hole is found in cities and in metro areas. A man can "fall through it" as the name suggests.Manhole
53%
A tropical caterpillar that can stretch in an accordion-type way. It even makes an accordion noise when it stretches!Tropical Wiggler
53%
A ball of fire that can travel through the purple liquid and can shoot out of a cannon in the Luncheon KingdomLava Bubble
52%
A large rock, typically one that has been worn smooth by erosion.Boulder
51%
A flying version of a dead Koopa.Parabones
51%
A statue of the antagonist in Mario games.Bowser Statue
49%
Capture this ball of energy to move between power lines..Spark Pylon
49%
Larger version of the classic bullet in Mario games.Banzai Bill
48%
A toy car that is remote-controlled by kids and is used by Mario in a racing game in the Metro Kingdom.RC Car
48%
Look in this shoot-in-the-air machine to view far away objectives. Also used to locate the Sphinx in the air for an obtainable power moon.Binoculars
47%
He plays football and can charge through anything.Chargin' Chuck
46%
A large cloud who blows wind that can throw Mario off balance. The name is short for Tyler and the last name resembles Kung-Fu.Ty-Foo
45%
A classic chomping plant that is found in many Mario games.This particular version of the plant shoots fire.Fire Piranha Plant
44%
Large stones with sunglasses replicated after the Easter Island statues. Can see invisible walkways.Moe-Eye
44%
A bulb that wears a flower pot over his head for protection. Can stretch high with roots for feet.Uproot
43%
Bird that pokes with a sharp beak to vault up walls.Pokio
41%
An octopus that is surrounded by a ball of water that is found in the Seaside Kingdom. (Can be mistaken for a starfish).Gushen
34%
An sometimes invisible piggy bank that if captured, will give you 30 coins each time.Coin Coffer
32%
A statue found in the Bowser Kingdom that resembles a Buddha statue.Jizo
20%

Score Distribution

Percentile by Number Answered

Percent of People with Each Score

Your Score History

You have not taken this quiz since the last reset